[Event "Basel op"]
[Site "Basel"]
[Date "2018.01.06"]
[Round "7"]
[White "Faraone, Ettore"]
[Black "Karthik, Venkataraman"]
[Result "0-1"]
[WhiteElo "2079"]
[BlackElo "2476"]
[PlyCount "78"]
[EventDate "2018.01.02"]
[EventType "swiss"]
[EventRounds "9"]
[EventCountry "SUI"]
[SourceTitle "CBM 182 Extra"]
[Source "ChessBase"]
[SourceDate "2018.02.23"]
[SourceVersion "1"]
[SourceVersionDate "2018.02.23"]
[SourceQuality "1"]

1. e4 g6 2. d4 Bg7 3. Nc3 a6 4. Be3 d6 5. Qd2 Nd7 6. 0-0-0 b5 7. Nb1 Bb7 8. f3 Rc8 9. g3 c5 10. Bh3 cxd4 11. Bxd4 Ngf6 12. Na3 0-0 13. Ne2 Qc7 14. Kb1 Rcd8 15. Ka1 Ne5 16. Qe3 b4 17. Bxe5 dxe5 18. Nb1 Qxc2 19. Rxd8 Rxd8 20. Qb6 Re8 21. Re1 Qc6 22. Qxb4 Bh6 23. Nbc3 e6 24. Rd1 Bf8 25. Qa5 Bc5 26. Rd8 Rxd8 27. Qxd8+ Kg7 28. a3 Nd7 29. g4 Qd6 30. g5 Bb6 31. Qe8 Nc5 32. Bg4 Bc6 33. Qc8 Bd7 34. Qa8 Qd2 35. Qb8 Nd3 36. Qxb6 Bb5 37. Na4 Qd1+ 38. Ka2 Bc4+ 39. b3 Qxe2+ 0-1

[Event "Basel op"]
[Site "Basel"]
[Date "2018.01.05"]
[Round "5"]
[White "Faraone, Ettore"]
[Black "Paul, Johannes"]
[Result "1-0"]
[WhiteElo "2079"]
[BlackElo "2331"]
[PlyCount "87"]
[EventDate "2018.01.02"]
[EventType "swiss"]
[EventRounds "9"]
[EventCountry "SUI"]
[SourceTitle "CBM 182 Extra"]
[Source "ChessBase"]
[SourceDate "2018.02.23"]
[SourceVersion "1"]
[SourceVersionDate "2018.02.23"]
[SourceQuality "1"]

1. e4 e6 2. d4 d5 3. Nd2 Nf6 4. e5 Nfd7 5. Bd3 c5 6. c3 Nc6 7. Qg4 cxd4 8. cxd4 Nb4 9. Bb1 Qc7 10. Kd1 b5 11. h4 a5 12. Rh3 Ba6 13. a3 Nc6 14. b3 b4 15. a4 0-0-0 16. Bb2 Kb7 17. Qf3 f6 18. exf6 gxf6 19. Bd3 Bxd3 20. Qxd3 Rg8 21. Rc1 Rxg2 22. Ne2 Bh6 23. Qb5+ Nb6 24. Rf3 Rdg8 25. Rc5 f5 26. Nc1 Rg1+ 27. Ke2 Rc8 28. Nd3 Bg7 29. Rxc6 Qxc6 30. Nc5+ Kb8 31. Qxa5 Bf8 32. Na6+ Kb7 33. Nxb4 Bxb4 34. Qxb4 Ka6 35. Rc3 Qe8 36. a5 Na8 37. Qd6+ Ka7 38. Rc5 Rxc5 39. Qxc5+ Ka6 40. Qd6+ Kxa5 41. Nc4+ dxc4 42. Bc3+ Kb5 43. bxc4+ Kxc4 44. Qc5+ 1-0

[Event "Basel op"]
[Site "Basel"]
[Date "2017.01.06"]
[Round "6"]
[White "Faraone, Ettore"]
[Black "Jaber, Daniel"]
[Result "0-1"]
[WhiteElo "2033"]
[BlackElo "2135"]
[PlyCount "90"]
[EventDate "2017.01.02"]
[EventType "swiss"]
[EventRounds "9"]
[EventCountry "SUI"]
[SourceTitle "CBM 176 Extra"]
[Source "ChessBase"]
[SourceDate "2017.03.02"]
[SourceVersion "1"]
[SourceVersionDate "2017.03.02"]
[SourceQuality "1"]

1. e4 c5 2. Nf3 e6 3. d4 cxd4 4. Nxd4 d6 5. Nc3 Nf6 6. Be3 Be7 7. f4 0-0 8. Be2 a6 9. 0-0 Qc7 10. Kh1 b5 11. a3 Bb7 12. Bf3 Nbd7 13. Nde2 Nb6 14. Qd4 Nc4 15. Bc1 d5 16. e5 Bc5 17. Qd3 Nd7 18. b3 Ncxe5 19. fxe5 Nxe5 20. Qd1 Nxf3 21. gxf3 Rad8 22. b4 Bb6 23. Qd3 e5 24. Qf5 g6 25. Bh6 f6 26. Qg4 f5 27. Qg5 Rf7 28. Qd2 d4 29. Nd1 e4 30. Nf4 Rc8 31. Rc1 Qc4 32. Rg1 Qc6 33. Rg3 Rd8 34. h4 Kh8 35. h5 gxh5 36. Nxh5 e3 37. Qh2 Qxh6 38. Nxe3 Qxe3 39. Rf1 Bc7 40. Qh4 Qe7 41. Rg5 d3 42. cxd3 Rxd3 43. Nf4 Bxf4 44. Qxf4 Qd6 45. Rfg1 Rf8 0-1

[Event "Basel op"]
[Site "Basel"]
[Date "2016.01.02"]
[Round "3"]
[White "Faraone, Ettore"]
[Black "Spiess, Thomas"]
[Result "1-0"]
[WhiteElo "2059"]
[BlackElo "2011"]
[PlyCount "53"]
[EventDate "2016.01.01"]
[EventType "swiss"]
[EventRounds "7"]
[EventCountry "SUI"]
[SourceTitle "CBM 170 Extra"]
[Source "ChessBase"]
[SourceDate "2016.02.25"]
[SourceVersion "1"]
[SourceVersionDate "2016.02.25"]
[SourceQuality "1"]

1. e4 c5 2. Nf3 e6 3. c3 Nf6 4. e5 Nd5 5. d4 cxd4 6. cxd4 d6 7. Bb5+ Bd7 8. Bxd7+ Nxd7 9. 0-0 Qc7 10. Bg5 h6 11. Bh4 Rc8 12. Nbd2 Be7 13. exd6 Qxd6 14. Bxe7 Kxe7 15. Ne4 Qb6 16. Qe2 Rhd8 17. Rac1 Rc6 18. Rxc6 Qxc6 19. Ne5 Nxe5 20. dxe5 Nf4 21. Qf3 Ng6 22. Qa3+ Kd7 23. Qa5 Kc8 24. Nd6+ Kd7 25. Nxb7 Rb8 26. Rd1+ Ke7 27. Qb4+ 1-0

[Event "Basel Hilton op 15th"]
[Site "Basel"]
[Date "2013.01.04"]
[Round "5"]
[White "Georgiadis, Nico"]
[Black "Faraone, Ettore"]
[Result "1-0"]
[WhiteElo "2369"]
[BlackElo "2003"]
[PlyCount "97"]
[EventDate "2013.01.01"]
[EventType "swiss"]
[EventRounds "7"]
[EventCountry "SUI"]
[SourceTitle "CBM 152 Extra"]
[Source "ChessBase"]
[SourceDate "2013.02.25"]
[SourceVersion "1"]
[SourceVersionDate "2013.02.25"]
[SourceQuality "1"]

1. e4 c5 2. Nf3 a6 3. c3 d5 4. exd5 Qxd5 5. d4 Bg4 6. Be2 e6 7. 0-0 Nc6 8. h3 Bh5 9. Be3 cxd4 10. Nxd4 Bxe2 11. Nxe2 Nf6 12. Nf4 Qxd1 13. Rxd1 Be7 14. Nd2 0-0 15. Nb3 Rfd8 16. Nd3 Nd5 17. Bc5 b6 18. Bxe7 Ndxe7 19. a4 e5 20. f3 f5 21. Kf1 Nd5 22. Ke2 e4 23. fxe4 fxe4 24. Ne1 Ne5 25. Rd4 Nf6 26. Rad1 Nc6 27. Rd6 Rxd6 28. Rxd6 Ne5 29. Nd2 Ned7 30. Nc2 Nc5 31. b3 Rb8 32. Nb4 Re8 33. Ke3 Re6 34. Rxe6 Nxe6 35. Nxa6 Nd5+ 36. Kxe4 Nxc3+ 37. Ke5 Kf7 38. Nc4 Nd8 39. Nxb6 Ne2 40. Nd5 Nc6+ 41. Kd6 Na5 42. b4 Nc4+ 43. Kc5 Nb2 44. a5 Ke6 45. Nac7+ Kd7 46. a6 Na4+ 47. Kb5 Nb2 48. a7 Nd4+ 49. Ka6 1-0

[Event "Basel Hilton op 15th"]
[Site "Basel"]
[Date "2013.01.02"]
[Round "2"]
[White "Wehrle, Uwe"]
[Black "Faraone, Ettore"]
[Result "0-1"]
[WhiteElo "2117"]
[BlackElo "2003"]
[PlyCount "140"]
[EventDate "2013.01.01"]
[EventType "swiss"]
[EventRounds "7"]
[EventCountry "SUI"]
[SourceTitle "CBM 152 Extra"]
[Source "ChessBase"]
[SourceDate "2013.02.25"]
[SourceVersion "1"]
[SourceVersionDate "2013.02.25"]
[SourceQuality "1"]

1. d4 Nf6 2. Nf3 g6 3. c4 Bg7 4. Nc3 0-0 5. e4 d6 6. h3 e5 7. d5 c5 8. Be2 h6 9. Be3 Kh7 10. Qd2 Ng8 11. Nh2 f5 12. f3 f4 13. Bf2 Nd7 14. a3 Ndf6 15. b4 b6 16. Rb1 Bd7 17. Nf1 Nh5 18. Kd1 Ngf6 19. Bd3 Qc7 20. Qc2 Rfc8 21. Ne2 a6 22. Nd2 cxb4 23. axb4 Bf8 24. Qb2 Be7 25. Rc1 g5 26. Rc3 Qb7 27. Nb3 Ba4 28. Kd2 a5 29. b5 Bxb3 30. Rxb3 Rg8 31. Nc3 Nd7 32. Na4 Nhf6 33. Qa1 h5 34. Qg1 Bd8 35. g3 fxg3 36. Bxg3 Nc5 37. Nxc5 bxc5 38. Qa1 h4 39. Bf2 a4 40. Ra3 Ba5+ 41. Kc2 Bb4 42. Ra2 a3 43. Qc1 Qa7 44. Kb1 Qa5 45. Rg1 Bc3 46. Qc2 Qb4+ 47. Kc1 Nh5 48. Be3 Nf4 49. Bf1 Kh6 50. Rh1 Nh5 51. Rh2 Ng3 52. Bd3 Rgf8 53. Rf2 Bb2+ 54. Kd1 Bc3 55. Bd2 Bxd2 56. Qxd2 Rf4 57. Qc1 Qb3+ 58. Qc2 Qb4 59. Qc1 Rf7 60. Qd2 Nh5 61. Qxb4 cxb4 62. Kc2 Raf8 63. Be2 Ng3 64. Kd3 Nxe2 65. Kxe2 Ra8 66. Kd3 b3 67. Ra1 b2 68. Rb1 a2 69. Rfxb2 axb1Q+ 70. Rxb1 Rxf3+ 0-1

[Event "Davos op 5th"]
[Site "Davos"]
[Date "2006.08.08"]
[Round "3"]
[White "Storkebaum, Ulrike"]
[Black "Faraone, Ettore"]
[Result "1-0"]
[WhiteElo "1934"]
[BlackElo "2063"]
[PlyCount "134"]
[EventDate "2006.08.06"]
[EventType "swiss"]
[EventRounds "7"]
[EventCountry "SUI"]
[SourceTitle "EXT 2008"]
[Source "ChessBase"]
[SourceDate "2007.11.25"]
[SourceVersion "1"]
[SourceVersionDate "2007.11.25"]
[SourceQuality "1"]

1. e4 c5 2. Nf3 d6 3. d4 cxd4 4. Nxd4 Nf6 5. Nc3 a6 6. Be2 e6 7. Be3 Bd7 8. f3 Be7 9. g4 Ng8 10. Qd2 Bh4+ 11. Kf1 h6 12. Rg1 Qc7 13. Bd3 Ne7 14. f4 Nbc6 15. Rd1 Nxd4 16. Bxd4 Nc6 17. Be3 Nb4 18. a3 Nxd3 19. cxd3 h5 20. g5 Bc6 21. Qg2 f6 22. Qh3 fxg5 23. fxg5 Rf8+ 24. Ke2 0-0-0 25. Qxh4 d5 26. exd5 exd5 27. d4 Qb6 28. b4 Kb8 29. Bf4+ Ka8 30. Be5 g6 31. Qg3 Bd7 32. Kd2 Bf5 33. Rc1 Qc6 34. Ne4 Qa4 35. Nc5 Qb5 36. Rge1 b6 37. Nd3 h4 38. Qe3 Be4 39. Bf6 Rde8 40. Ne5 Rc8 41. Rc3 a5 42. Rec1 Rce8 43. Qe2 Qxe2+ 44. Kxe2 Kb7 45. bxa5 bxa5 46. Rc7+ Ka6 47. a4 Re6 48. Rc8 Rxc8 49. Rxc8 Kb7 50. Rc5 Rb6 51. Nd3 Rb3 52. Nf4 Rb2+ 53. Ke1 Rb1+ 54. Kd2 Rb2+ 55. Kc3 Rxh2 56. Rxa5 h3 57. Nxh3 Rxh3+ 58. Kb4 Rh1 59. Rb5+ Kc6 60. Rc5+ Kb7 61. Ka5 Rh7 62. Be5 Re7 63. Rb5+ Ka8 64. Rb6 Rd7 65. Kb4 Rb7 66. a5 Rxb6+ 67. axb6 Kb7 1-0